English-Russian dictionary / (Record no. 104582)

MARC details
000 -LEADER
campo de control de longitud fija 00462nam a2200157 i 4500
001 - NÚMERO DE CONTROL
campo de control 104582
003 - IDENTIFICADOR DE NÚMERO DE CONTROL
campo de control ES-MaACL
007 - CAMPO FIJO DE DESCRIPCIÓN FÍSICA--INFORMACIÓN GENERAL
campo de control de longitud fija t|
008 - DATOS DE LONGITUD FIJA--INFORMACIÓN GENERAL
campo de control de longitud fija 051201s1937 xxr ||||1| eng d
100 1# - ENTRADA PRINCIPAL--NOMBRE DE PERSONA
Nombre de persona Miller, A. D.
9 (RLIN) 81198
245 10 - MENCIÓN DEL TÍTULO
Título English-Russian dictionary /
Mención de responsabilidad, etc. edited by A. D. Miller.
260 ## - PUBLICACIÓN, DISTRIBUCIÓN, ETC.
Lugar de publicación, distribución, etc. Moscow :
Nombre del editor, distribuidor, etc. Institute "Soviet Enciclopaedia",
Fecha de publicación, distribución, etc. 1937.
300 ## - DESCRIPCIÓN FÍSICA
Extensión 552 p. ;
Dimensiones 18 cm.
500 ## - NOTA GENERAL
Nota general La portada está en ruso.
852 ## - LOCALIZACIÓN
Ubicación ES-MaACL
Número de control de estantería G-13225
Sublocalización o colección R.26222
Holdings
Estatus retirado Estado de pérdida Estado de daño No para préstamo Biblioteca de origen Biblioteca actual Ubicación en estantería Fecha de adquisición Fuente de adquisición Total de préstamos Signatura topográfica completa Código de barras Visto por última vez Precio de reemplazo Tipo de ítem Koha
        Biblioteca del Ateneo de Madrid Biblioteca del Ateneo de Madrid Sala Pecera Planta 3 17/01/2008     G-13225 1109187 23/02/2023 23/02/2023 Libro impreso